| 000 | 01146nam a22002057a 4500 | ||
|---|---|---|---|
| 003 | OSt | ||
| 005 | 20260327141955.0 | ||
| 008 | 260327b |||||||| |||| 00| 0 SPA d | ||
| 082 | _29781472304346 | ||
| 100 | _aParragon Books. | ||
| 245 | _aEl Cuerpo Humano un libro de consulta para toda la familia | ||
| 250 | _a1 EDICION | ||
| 260 |
_aNueva York, EE. UU _bParragon Books Ltd _c2013 |
||
| 300 | _b256 páginas | ||
| 490 | _3Tapa dura Cartoné | ||
| 520 | _aAnatomía y Sistemas: Explica detalladamente los sistemas del cuerpo (esquelético, muscular, nervioso, circulatorio, etc.), utilizando ilustraciones claras para mostrar dónde está cada órgano y qué función cumple Ciclo de Vida: Aborda temas como la reproducción, el crecimiento desde la infancia hasta la vejez y cómo el cuerpo cambia con el tiempo Salud y Bienestar: Incluye secciones sobre nutrición, la importancia del ejercicio y cómo el cuerpo se defiende de las enfermedades | ||
| 650 |
_aCuerpo humano / Anatomía humana / Fisiología humana. _vObras de divulgación / Enciclopedias y diccionarios _xSiglo XXI |
||
| 700 | _aParragon Books. | ||
| 942 |
_2ddc _cBK _n0 |
||
| 999 |
_c2033 _d2033 |
||